|
|
|
|
| LEADER |
00000nam0a2200000 4500 |
| 001 |
241626 |
| 005 |
20231101231829.0 |
| 035 |
|
|
|a (RuTPU)RU\TPU\book\262902
|
| 090 |
|
|
|a 241626
|
| 100 |
|
|
|a 20130808d1977 km y0rusy50 ca
|
| 101 |
0 |
|
|a rus
|
| 102 |
|
|
|a RU
|
| 105 |
|
|
|a a z 001zy
|
| 200 |
1 |
|
|a Интенсификация теплообмена излучением с помощью покрытий
|f Б. Г. Абрамович, В. Л. Гольдштейн
|
| 210 |
|
|
|a Москва
|c Энергия
|d 1977
|
| 215 |
|
|
|a 256 с.
|c ил.
|
| 320 |
|
|
|a Библиогр.: с. 243-254.
|
| 606 |
1 |
|
|a Теплообмен лучистый
|x Физика
|2 stltpush
|3 (RuTPU)RU\TPU\subj\59767
|9 77266
|
| 610 |
1 |
|
|a тепловое излучение
|
| 610 |
1 |
|
|a законы
|
| 610 |
1 |
|
|a неметаллические соединения
|
| 610 |
1 |
|
|a тугоплавкие соединения
|
| 610 |
1 |
|
|a анализ
|
| 610 |
1 |
|
|a покрытия
|
| 610 |
1 |
|
|a нанесение
|
| 610 |
1 |
|
|a толщина
|
| 610 |
1 |
|
|a работоспособность
|
| 610 |
1 |
|
|a применение
|
| 675 |
|
|
|a 536.3
|v 3
|
| 700 |
|
1 |
|a Абрамович
|b Б. Г.
|g Борис Григорьевич
|
| 701 |
|
1 |
|a Гольдштейн
|b В. Л.
|g Владимир Львович
|
| 801 |
|
1 |
|a RU
|b 63413507
|c 20130808
|
| 801 |
|
2 |
|a RU
|b 63413507
|c 20210208
|g RCR
|
| 942 |
|
|
|c BK
|